Loading...
| Literature - American | 1 | 6 | 0 | 1 | 75 | 63 | 107.00 | 0 | 4 | 13.13 | 27.94 |
| Fine Arts - Classical Music and Opera | 1 | 3 | 0 | 0 | 45 | 59 | 110.25 | 1 | 1 | 6.34 | 20.48 |
| Literature - British | 0 | 4 | 0 | 1 | 40 | 90 | 99.50 | 0 | 1 | 8.40 | 18.13 |
| Beliefs | 1 | 1 | 1 | 1 | 20 | 69 | 95.00 | 0 | 1 | 2.89 | 5.23 |
| History - European | 0 | 2 | 0 | 0 | 20 | 108 | 111.00 | 0 | 1 | 3.02 | 8.55 |
| History - Other | 0 | 2 | 0 | 1 | 20 | 130 | 130.00 | 0 | 0 | 0.46 | 9.00 |
| Visual Arts | 0 | 2 | 1 | 1 | 15 | 105 | 122.50 | 0 | 0 | 2.18 | 7.74 |
| History - American | 0 | 1 | 0 | 1 | 10 | 105 | 105.00 | 0 | 0 | 1.14 | 4.76 |
| Literature - World | 0 | 1 | 0 | 1 | 10 | 91 | 91.00 | 0 | 1 | 2.75 | 5.00 |
| History - World | 0 | 1 | 0 | 1 | 10 | 131 | 131.00 | 0 | 0 | 0.11 | 3.57 |
| Other Academic | 0 | 1 | 0 | 0 | 10 | 86 | 86.00 | 0 | 1 | 5.56 | 15.28 |
| Social Science | 0 | 1 | 0 | 0 | 10 | 120 | 120.00 | 0 | 0 | 0.30 | 0.87 |
| Modern World | 0 | 1 | 0 | 0 | 10 | 91 | 91.00 | 0 | 0 | 5.20 | 5.45 |
| Fine Arts - Other Arts | 0 | 0 | 1 | 0 | -5 | 0.00 | 0 | 0 | 0.00 | 0.00 |